000 00365nam a2200169Ia 4500
008 221030s9999 xx 000 0 und d
020 _a8176563080
041 _aEnglish
082 _a105.23
_bHar
100 _aAa
245 0 _aHTML Complete
_cby Aa
250 _a2nd
260 _bBPB Pub
_aNew Delhi
_c2002
300 _a1010
650 _aComputers
942 _cBK
999 _c36
_d36